000 00412nam a2200109Ia 4500
008 160909s9999 xx 000 0 und d
100 _aMamidi, Bhargava Reddy
245 _aDesign and implementation of an efficient image by encryption-then-compression system
260 _bCalifornia State University, Long Beach.
_c2016
650 _aMASS COM
856 _uhttp://pqdtopen.proquest.com/doc/1760591365.html?FMT=ABS
999 _c304274
_d304274